000 00835nas a2200253 4500
001 BR2014004111
003 BR-BrBNA
005 20231205124216.0
007 ta
008 230509b bl.|||p| |||| 00| 00por d
040 _aBR-BrBNA
_bpor
_cBiblioteca Nacional de Agricultura
041 _a(Pt)
072 _aA50
100 1 _aSouza, G. da S. e
100 1 _aAlves, E.R. de A.
100 1 _aGaragorry, F.L.
245 1 _aParcerias de sucesso entre a EMBRAPA e instituições de excelência na pesquisa em métodos quantitativos
650 _aPESQUISA AGRÍCOLA
650 _aMODELO MATEMÁTICO
650 _aANÁLISE QUANTITATIVA
773 0 _tCadernos de Ciência e Tecnologia (Brazil)
_xISSN 0104-1096
_g(Jan-Apr 2014), v. 31(1) p. 61-75
_wBR2014004111
909 _a202311
_bLúcia
_c55
_dLúcia Elande
942 _2AGRIS
_n0
_cANA
999 _c237873
_d237873